000 00809cam a2200241 a 4500
001 000015784
005 20200929164142.0
008 030228r2000 pn 000 0 spa d
020 _a9962552206
035 _a(NcChVT)VT85PN207
040 _aDO-SdBNP
_cDLC
_dBNPHU
082 _a070.7287
_bR892l
100 1 _aRoyo, Arístides
_d1940-
_935528
245 1 0 _aLaberinto de ausencias /
_cArístides Royo ; prólogo Jorge Eduardo Ritter.
260 _aPanamá :
_bCírculo Editorial y de Lectura,
_c2000.
300 _a490 p. ;
_c21 cm.
590 _aLa biblioteca posee un ejemplar autobiografiado por el autor.
650 4 _aPeriodismo
_zPanamá
_935529
650 4 _aArtículos de prensa
_943
700 1 _aRitter, Jorge Eduardo,
_epról.
_935530
910 _aCatalogación por copia / LC
049 _aBNGR
999 _c15331
_d15331